University Home | Library Home | Institutional Repository

Oceanography: an introduction to the marine environment (Record no. 57726)

MARC details
000 -LEADER
fixed length control field 00704cam2a220022900 4500
001 - CONTROL NUMBER
control field lce00787723
008 - FIXED-LENGTH DATA ELEMENTS--GENERAL INFORMATION
fixed length control field 700205c19691970nyuab b 001 0 eng
010 ## - LIBRARY OF CONGRESS CONTROL NUMBER
LC control number 72093300
020 ## - INTERNATIONAL STANDARD BOOK NUMBER
International Standard Book Number 0471937444
035 ## - SYSTEM CONTROL NUMBER
System control number (Sirsi) r31827
035 ## - SYSTEM CONTROL NUMBER
System control number (DLC) 72093300
035 ## - SYSTEM CONTROL NUMBER
System control number (UPRA)lce00787723
050 0# - LIBRARY OF CONGRESS CALL NUMBER
Classification number GC11
Item number .W47
082 ## - DEWEY DECIMAL CLASSIFICATION NUMBER
Classification number 551.4/6
100 1# - MAIN ENTRY--PERSONAL NAME
Personal name Weyl, Peter K., 1924-
Dates associated with a name Weyl, Peter K., 1924-
Linkage A95958.1
245 10 - TITLE STATEMENT
Title Oceanography: an introduction to the marine environment
Statement of responsibility, etc. [by] Peter K. Weyl.
260 ## - PUBLICATION, DISTRIBUTION, ETC.
Place of publication, distribution, etc. New York,
Name of publisher, distributor, etc. Wiley
Date of publication, distribution, etc. [1969, c1970]
504 ## - BIBLIOGRAPHY, ETC. NOTE
Bibliography, etc. note Bibliography: p. 515-517.
650 #0 - SUBJECT ADDED ENTRY--TOPICAL TERM
Topical term or geographic name entry element Oceanography.
Linkage S27126.1
949 ## - LOCAL PROCESSING INFORMATION (OCLC)
a GC11
w lcc
i -36415
m MAIN
t BOOK
l ON-SHELF

No items available.

© 2026 - The University of Zambia Library - Koha v25.11